| 000 | 00653nam a2200241 a 4500 | ||
|---|---|---|---|
| 005 | 20260322212100.0 | ||
| 008 | data | ||
| 010 | _a 95074668 | ||
| 020 | _a1878542923 | ||
| 020 | _a9781878542922 | ||
| 040 |
_aDLC _cDLC |
||
| 050 | 0 | 0 |
_aBF637.C5 _bH29 1996 |
| 092 | _a170.44 H29 1996 | ||
| 100 | 1 | _aHaley, Ivy. | |
| 245 | 1 | 0 |
_aDiscovering your purpose / _cIvy Haley. |
| 260 |
_aMission, Kan. : _bSkillPath Publications, _cc1996. |
||
| 300 |
_aix, 126 p. ; _c23 cm. |
||
| 440 | 0 | _aSkillPath self-study sourcebook | |
| 504 | _aIncludes bibliographical references (p. 123-126). | ||
| 650 | 0 | _aConduct of life. | |
| 650 | 0 | _aVocation. | |
| 001 | data | ||
| 999 |
_c1442 _d1442 |
||